| 000 | 00615nam a2200217 i 4500 | ||
|---|---|---|---|
| 001 | bg | ||
| 100 | 1 | _aHAŁADYJ-RÓŻAK, Janina | |
| 245 | 1 | 0 |
_aElementy fizyki : _bdla menedżerów / _cJanina Haładyj-Różak. |
| 260 |
_aRzeszów : _bOficyna Wydaw. Politechniki Rzeszowskiej, _c1996. |
||
| 300 |
_a127, [2] s. : _bwykr., rys. ; _c24 cm. |
||
| 504 | _aBibliogr. s. [129]. | ||
| 650 | 9 | _aFizyka | |
| 655 | _aPodręczniki akademickie | ||
| 020 | _a8386705450 | ||
| 040 | _cBPK | ||
| 041 | 0 | _apl | |
| 080 | _a53(075.8) | ||
| 920 | _a83-86705-45-0 | ||
| 942 | _cKS | ||
| 008 | s pl f |000 0 pol | ||
| 999 |
_c24958 _d24958 |
||
| 856 |
_uhttp://koha.tu.koszalin.pl/cgi-bin/koha/opac-detail.pl?biblionumber=24958 _yKatalog online BPK |
||